000 00435nam a2200145Ia 4500
008 231129s2010||||xx |||||||||||||| ||spa||
020 _a978-84-938183-0-2
040 _bspa
082 _a743.4 C957c
100 _aCruz Dani Cruz Dani
245 0 _aCómo dibujar el cuerpo humano paso a paso como desenhar o corpo humano passo a passo
260 _c2010
264 _aIlusbookd
942 _2ddc
_cBKS
999 _c2579
_d2579